000 00607nam a2200229Ia 4500
003 OSt
005 20220928102342.0
006 a|||||r|||| 00| 0
007 ta
008 220927b |||||||| |||| 00| 0 eng d
024 _a29378
037 _cTextual
040 _aSDCL
_cSDCL
_beng
041 _2eng
_aeng
082 _aV2'B, L2
100 _aMishra Dwarka Prasad
_9397889
245 0 _aBhartiya aadhya itihas ka adhyayan.
260 _aBopal
_bhindi Granth Academy
_c1972
300 _a156p
_ccm.
942 _hV2'B, L2
_cTEXL
_2CC
999 _c713713
_d713713